[Event "8MCR_4D_1L_1S"]
[Site "?"]
[Date "2008.??.??"]
[Round "?"]
[White "Antosik, Alois"]
[Black "Boukal, Petr"]
[Result "1/2-1/2"]
[WhiteElo "2200"]
[BlackElo "2416"]
[PlyCount "31"]
[EventDate "2008.??.??"]
[EventType "corr"]

1. g3 e5 2. c4 Nc6 3. Bg2 d6 4. Nc3 Be6 5. b4 a6 6. Nd5 Nf6 7. d3 g6 8. Bg5 Bg7
9. Rb1 Rb8 10. e3 h6 11. Bxf6 Bxf6 12. b5 axb5 13. cxb5 Bxd5 14. Bxd5 Ne7 15.
Bb3 O-O 16. Ne2 1/2-1/2

[Event "8MCR_4D_1L_1S"]
[Site "?"]
[Date "2008.??.??"]
[Round "?"]
[White "Antosik, Alois"]
[Black "Cvak, Rudolf"]
[Result "0-1"]
[WhiteElo "2200"]
[BlackElo "2264"]
[PlyCount "114"]
[EventDate "2008.??.??"]
[EventType "corr"]

1. g3 d5 2. Nf3 Nf6 3. c4 dxc4 4. Qa4+ Nc6 5. Bg2 Nd7 6. Qxc4 e5 7. d3 Nb6 8.
Qh4 Be7 9. Qh5 Nd7 10. Ng5 g6 11. Qh6 Nd4 12. Bd5 Rf8 13. Bxf7+ Rxf7 14. Nxf7
Kxf7 15. Qxh7+ Ke6 16. Qxg6+ Nf6 17. Bg5 Nc2+ 18. Kd1 Nxa1 19. Bxf6 Bxf6 20. g4
Kd7 21. Nc3 c6 22. Ne4 Be7 23. Qf5+ Kc7 24. Qxe5+ Kb6 25. f3 Bb4 26. Kc1 a5 27.
Kb1 a4 28. Kxa1 Ra5 29. Qf6 Be7 30. Qg7 Bc5 31. Nxc5 Rxc5 32. d4 Rb5 33. h4 Ka7
34. e4 Qb6 35. d5 cxd5 36. exd5 a3 37. bxa3 Qe3 38. Rf1 Kb8 39. f4 Rxd5 40. h5
Qxa3 41. Qb2 Qa6 42. Rb1 Bxg4 43. h6 Bf5 44. Qg7 Ka7 45. Qg1+ b6 46. Rc1 Qd3
47. Qg7+ Ka6 48. Qh8 Ka5 49. Qg7 Rd6 50. Qe5+ Rd5 51. Qc7 Rd6 52. Qc4 Qe3 53.
Qc3+ Qxc3+ 54. Rxc3 Rxh6 55. Ra3+ Kb4 56. Rb3+ Kc5 57. a3 Kc4 0-1

[Event "8MCR_4D_1L_1S"]
[Site "?"]
[Date "2008.??.??"]
[Round "?"]
[White "Antosik, Alois"]
[Black "Hybl, Vladislav"]
[Result "1/2-1/2"]
[WhiteElo "2200"]
[BlackElo "2315"]
[PlyCount "73"]
[EventDate "2008.??.??"]
[EventType "corr"]

1. g3 d5 2. Nf3 Nf6 3. c4 e6 4. Bg2 Be7 5. O-O O-O 6. d4 dxc4 7. Qc2 a6 8. a4
Bd7 9. Ne5 Bc6 10. Nxc6 Nxc6 11. e3 Na5 12. Na3 c5 13. dxc5 Rc8 14. Bd2 Rxc5
15. Bb4 Rh5 16. Bxa5 Qxa5 17. Bxb7 Bxa3 18. Rxa3 Rc5 19. Rc3 Rc7 20. Bf3 Nd7
21. Be4 f5 22. Bg2 Nb6 23. Ra1 Rc5 24. b3 Rfc8 25. e4 cxb3 26. Rxc5 bxc2 27.
Rxa5 Nc4 28. Rxa6 Rd8 29. Rf1 Rd1 30. Ra8+ Kf7 31. Rc8 c1=Q 32. exf5 exf5 33.
Rc7+ Kf6 34. Rc6+ Ke5 35. Rc5+ Kf6 36. Rc6+ Ke5 37. Rc5+ 1/2-1/2

[Event "8MCR_4D_1L_1S"]
[Site "?"]
[Date "2008.??.??"]
[Round "?"]
[White "Antosik, Alois"]
[Black "Jandovsky, Viktor"]
[Result "1-0"]
[WhiteElo "2200"]
[BlackElo "2250"]
[PlyCount "49"]
[EventDate "2008.??.??"]
[EventType "corr"]

1. g3 d5 2. Nf3 Nf6 3. c4 dxc4 4. Qa4+ c6 5. Qxc4 Nbd7 6. Bg2 Nb6 7. Qc2 g6 8.
Nc3 Bg7 9. O-O O-O 10. d4 Bg4 11. Rd1 Qc8 12. Bg5 h6 13. Bf4 Nfd5 14. Be5 f6
15. Bf4 Nxf4 16. gxf4 g5 17. Rac1 Be6 18. e4 gxf4 19. Nh4 Re8 20. Qd3 Bg4 21.
Bf3 e5 22. Kh1 Bh3 23. Rg1 Qd7 24. Bh5 Red8 25. Qf3 1-0

[Event "8MCR_4D_1L_1S"]
[Site "?"]
[Date "2008.??.??"]
[Round "?"]
[White "Antosik, Alois"]
[Black "Kubecek, Jan"]
[Result "1-0"]
[WhiteElo "2200"]
[BlackElo "1984"]
[PlyCount "73"]
[EventDate "2008.??.??"]
[EventType "corr"]

1. g3 d5 2. Nf3 Bg4 3. Bg2 Nd7 4. c4 e6 5. d3 Ngf6 6. h3 Bxf3 7. Bxf3 c6 8. Nd2
Bd6 9. O-O O-O 10. b3 e5 11. cxd5 cxd5 12. Bb2 Rc8 13. Bg2 Bb4 14. Nb1 Qb6 15.
a3 Bd6 16. Nc3 d4 17. Nb1 Qc7 18. Nd2 b5 19. Rc1 Qb6 20. b4 a5 21. Qb3 Qa7 22.
Bc6 Rb8 23. Kg2 axb4 24. axb4 Rfc8 25. Ra1 Qb6 26. Bf3 Qd8 27. Rfc1 Qf8 28.
Rxc8 Rxc8 29. Ne4 Nxe4 30. Bxe4 Nf6 31. Bf3 Bxb4 32. Rb1 Qd6 33. Bc1 Nd7 34.
Bb7 Rc3 35. Qxb4 Qxb4 36. Rxb4 Rxc1 37. Rxb5 {PCL} 1-0

[Event "8MCR_4D_1L_1S"]
[Site "?"]
[Date "2008.??.??"]
[Round "?"]
[White "Antosik, Alois"]
[Black "Kuchta, Jiri"]
[Result "1-0"]
[WhiteElo "2200"]
[BlackElo "2185"]
[PlyCount "131"]
[EventDate "2008.??.??"]
[EventType "corr"]

1. g3 e5 2. c4 Nf6 3. Bg2 Bc5 4. Nc3 c6 5. Qc2 O-O 6. Nf3 Qc7 7. e3 Bb4 8. Ne4
Nxe4 9. Qxe4 f6 10. O-O Na6 11. d4 f5 12. Qh4 e4 13. Ng5 h6 14. Nxe4 fxe4 15.
a3 Bd6 16. c5 Bxc5 17. dxc5 Nxc5 18. Qe7 b6 19. b4 Ne6 20. Bb2 Ba6 21. Rfd1 Rf7
22. Qd6 Qxd6 23. Rxd6 Raf8 24. Bc3 Nc7 25. a4 Re8 26. Bh3 Ree7 27. b5 Bxb5 28.
axb5 Nxb5 29. Bb4 a5 30. Ba3 a4 31. Rdd1 Nxa3 32. Rxa3 b5 33. Rc3 Kf8 34. Bg4
g6 35. Rc2 h5 36. Bh3 Ke8 37. Rd6 g5 38. Rc5 Kf8 39. Rxg5 a3 40. Rxh5 Rh7 41.
Rf5+ Kg7 42. Bg4 a2 43. Rd1 d5 44. Ra1 Ra7 45. f3 b4 46. fxe4 b3 47. Rf2 c5 48.
Be6 c4 49. Bxd5 Ra4 50. h4 Kg6 51. Kf1 Rc7 52. Kg2 Rb4 53. Rb2 Rc8 54. Kf3 Rf8+
55. Ke2 Rc8 56. g4 Ra4 57. e5 Rc7 58. Kf3 Rc8 59. e6 Kf6 60. e4 Ke7 61. h5 Rg8
62. Kf4 Rh8 63. Ke5 Ra5 64. Rf2 Rh7 65. Kd4 Rb5 66. Kc3 1-0

[Event "8MCR_4D_1L_1S"]
[Site "?"]
[Date "2008.??.??"]
[Round "?"]
[White "Antosik, Alois"]
[Black "Nyvlt, Zdenek"]
[Result "1/2-1/2"]
[WhiteElo "2200"]
[BlackElo "2312"]
[PlyCount "60"]
[EventDate "2008.??.??"]
[EventType "corr"]

1. g3 d5 2. Nf3 g6 3. Bg2 Bg7 4. c4 dxc4 5. Qa4+ Nd7 6. O-O Ngf6 7. Qxc4 O-O 8.
d3 c6 9. Qh4 Nd5 10. Na3 h5 11. d4 N7b6 12. h3 Re8 13. Rd1 Nc7 14. e4 Ne6 15.
Be3 Bf6 16. Ng5 Na4 17. e5 Bxg5 18. Bxg5 Nxb2 19. Rd2 Qa5 20. Rxb2 Qxa3 21. Rb3
Qa5 22. Be3 Qa4 23. Rb2 Rb8 24. Rab1 b6 25. Rb4 Qxa2 26. g4 hxg4 27. hxg4 Bb7
28. R4b2 Qc4 29. Be4 Nxd4 30. Rb4 Qe6 1/2-1/2

[Event "8MCR_4D_1L_1S"]
[Site "?"]
[Date "2008.??.??"]
[Round "?"]
[White "Bednarik, Radovan"]
[Black "Antosik, Alois"]
[Result "0-1"]
[WhiteElo "2112"]
[BlackElo "2200"]
[PlyCount "78"]
[EventDate "2008.??.??"]
[EventType "corr"]

1. d4 Nf6 2. c4 g6 3. Nc3 Bg7 4. e4 d6 5. Be2 O-O 6. Nf3 e5 7. dxe5 dxe5 8.
Qxd8 Rxd8 9. Bg5 Na6 10. Nd5 Rd6 11. Bxf6 Bxf6 12. Nxf6+ Rxf6 13. Nxe5 Re6 14.
Ng4 Nb4 15. Rd1 Nxa2 16. e5 Kg7 17. f4 Rb6 18. Rd2 Nc1 19. Ne3 Be6 20. g4 Nb3
21. Rd1 Nc5 22. Rd2 Rb3 23. Nd5 c6 24. Nf6 Rb4 25. h4 Bxc4 26. h5 Bd5 27. h6+
Kh8 28. Rf1 a5 29. Nxd5 cxd5 30. Rxd5 b6 31. Rd2 Re8 32. Kd1 Rc8 33. Rf3 Kg8
34. g5 Kf8 35. Rc2 Rd8+ 36. Kc1 Ne6 37. Ba6 Ra8 38. f5 gxf5 39. Bd3 Nd4 {PCL}
0-1

[Event "8MCR_4D_1L_1S"]
[Site "?"]
[Date "2008.??.??"]
[Round "?"]
[White "Bednarik, Radovan"]
[Black "Boukal, Petr"]
[Result "1/2-1/2"]
[WhiteElo "2112"]
[BlackElo "2416"]
[PlyCount "72"]
[EventDate "2008.??.??"]
[EventType "corr"]

1. d4 Nf6 2. c4 g6 3. Nc3 Bg7 4. e4 d6 5. Be2 O-O 6. Nf3 e5 7. dxe5 dxe5 8.
Qxd8 Rxd8 9. Bg5 Nbd7 10. O-O-O Rf8 11. Nd2 c6 12. Be3 Re8 13. g4 Nf8 14. Rhg1
Ne6 15. g5 Nd7 16. Nb3 Bf8 17. h4 Ndc5 18. Nxc5 Bxc5 19. Bxc5 Nxc5 20. Kd2 a5
21. Ke3 Be6 22. f4 exf4+ 23. Kxf4 Re7 24. b3 Kg7 25. Rd6 Rae8 26. Bf3 Bc8 27.
Rgd1 Rh8 28. Na4 Nxa4 29. bxa4 Be6 30. Rc1 h6 31. e5 hxg5+ 32. Kxg5 Rf8 33. Rc2
f6+ 34. exf6+ Rxf6 35. Re2 Rf5+ 36. Kg4 Kf7 1/2-1/2

[Event "8MCR_4D_1L_1S"]
[Site "?"]
[Date "2008.??.??"]
[Round "?"]
[White "Bednarik, Radovan"]
[Black "Brichacek, Milan"]
[Result "1/2-1/2"]
[WhiteElo "2112"]
[BlackElo "2215"]
[PlyCount "96"]
[EventDate "2008.??.??"]
[EventType "corr"]

1. d4 Nf6 2. c4 e6 3. Nf3 b6 4. g3 Ba6 5. b3 Bb7 6. Bg2 Bb4+ 7. Bd2 a5 8. O-O
O-O 9. Nc3 Na6 10. a3 Bxc3 11. Bxc3 Ne4 12. Bb2 f5 13. Ne5 d6 14. Nd3 c5 15. e3
Qe7 16. f3 Nf6 17. Rc1 Nb8 18. Qd2 Nbd7 19. Qc3 Rfc8 20. Kh1 a4 21. b4 cxd4 22.
Qxd4 e5 23. Qh4 Qf7 24. Bh3 e4 25. Nf2 Rxc4 26. Bxf5 Rxc1 27. Rxc1 exf3 28. Qd4
Bd5 29. g4 Be6 30. Qxd6 Bxf5 31. gxf5 Re8 32. Bd4 Qa2 33. e4 Rxe4 34. Rg1 Rxd4
35. Qxd4 Qxa3 36. Qc4+ Kf8 37. Nd3 Qb3 38. Qxb3 axb3 39. Rf1 Ne4 40. Rxf3 Ne5
41. Nxe5 Nd2 42. Nd7+ Kf7 43. Rxb3 Nxb3 44. Nxb6 Nd4 45. Nc4 Kf6 46. Ne3 Ke5
47. Kg2 Kf4 48. Kf2 Nxf5 1/2-1/2

[Event "8MCR_4D_1L_1S"]
[Site "?"]
[Date "2008.??.??"]
[Round "?"]
[White "Bednarik, Radovan"]
[Black "Hybl, Vladislav"]
[Result "1/2-1/2"]
[WhiteElo "2112"]
[BlackElo "2315"]
[PlyCount "83"]
[EventDate "2008.??.??"]
[EventType "corr"]

1. d4 d5 2. c4 c6 3. Nf3 Nf6 4. e3 e6 5. Bd3 Nbd7 6. O-O Bd6 7. Nbd2 O-O 8. e4
dxe4 9. Nxe4 Nxe4 10. Bxe4 h6 11. Bc2 e5 12. Re1 Bb4 13. Re2 exd4 14. a3 Ba5
15. b4 Bc7 16. Bb2 Nf6 17. Qxd4 Qxd4 18. Nxd4 Bd7 19. Nf5 Rfe8 20. Rae1 Rxe2
21. Rxe2 Re8 22. Rxe8+ Nxe8 23. c5 Kf8 24. h3 h5 25. Be4 g6 26. Nd4 Ke7 27. b5
Be5 28. bxc6 bxc6 29. Kf1 f5 30. Bc2 Bf6 31. Ba4 Kf7 32. Ke2 Nc7 33. Kd3 g5 34.
g3 Na6 35. Kc4 f4 36. g4 hxg4 37. hxg4 Bxg4 38. Bxc6 Bh3 39. Bd5+ Ke8 40. Be4
g4 41. Bg6+ Ke7 42. Nf5+ 1/2-1/2

[Event "8MCR_4D_1L_1S"]
[Site "?"]
[Date "2008.??.??"]
[Round "?"]
[White "Bednarik, Radovan"]
[Black "Jandovsky, Viktor"]
[Result "1/2-1/2"]
[WhiteElo "2112"]
[BlackElo "2280"]
[PlyCount "90"]
[EventDate "2008.??.??"]
[EventType "corr"]

1. d4 Nf6 2. c4 g6 3. Nc3 Bg7 4. e4 d6 5. Nf3 O-O 6. Be2 e5 7. O-O Nc6 8. d5
Ne7 9. b4 Nh5 10. Re1 f5 11. Ng5 Nf6 12. f3 Kh8 13. Rb1 Nh5 14. c5 Nf4 15. Bc4
fxe4 16. Ngxe4 Nf5 17. Kh1 Nd4 18. a4 a6 19. Be3 h6 20. Rf1 Qe7 21. Qd2 Bf5 22.
g3 Nh5 23. Bxh6 Nxf3 24. Qe3 Nd4 25. Qg5 Qxg5 26. Bxg5 Nf6 27. Bxf6 Bxf6 28.
cxd6 cxd6 29. g4 Bxe4+ 30. Nxe4 Be7 31. a5 Kg7 32. Bd3 Rxf1+ 33. Rxf1 Rc8 34.
Rb1 Nf3 35. b5 axb5 36. Be2 Nd4 37. Bxb5 Ra8 38. Bc4 Rxa5 39. Rxb7 Kf8 40. Rb2
Ra4 41. Bd3 Ra3 42. Bb1 Ra5 43. Rb8+ Kg7 44. Rb7 Kf8 45. Rb8+ Kf7 1/2-1/2

[Event "8MCR_4D_1L_1S"]
[Site "?"]
[Date "2008.??.??"]
[Round "?"]
[White "Bednarik, Radovan"]
[Black "Kubecek, Jan"]
[Result "0-1"]
[WhiteElo "2112"]
[BlackElo "1985"]
[PlyCount "57"]
[EventDate "2008.??.??"]
[EventType "corr"]

1. d4 Nf6 2. c4 e6 3. g3 d5 4. Nf3 Be7 5. Bg2 O-O 6. Qc2 c5 7. cxd5 cxd4 8.
Nxd4 Nxd5 9. Qb3 e5 10. Bxd5 exd4 11. O-O Nc6 12. Be4 Nb4 13. a3 Be6 14. Qd1
Nc6 15. Nd2 Re8 16. Qc2 h6 17. Qd3 Rc8 18. b3 Bg5 19. Re1 Ne5 20. Qb1 Rc3 21.
Ra2 Bd5 22. Rd1 d3 23. exd3 f5 24. Bxf5 Bxd2 25. Raxd2 Nf3+ 26. Kf1 Nxh2+ 27.
Kg1 Nf3+ 28. Kf1 Qg5 29. Be4 0-1

[Event "8MCR_4D_1L_1S"]
[Site "?"]
[Date "2008.??.??"]
[Round "?"]
[White "Bednarik, Radovan"]
[Black "Nyvlt, Zdenek"]
[Result "1-0"]
[WhiteElo "2112"]
[BlackElo "2312"]
[PlyCount "105"]
[EventDate "2008.??.??"]
[EventType "corr"]

1. d4 Nf6 2. c4 e6 3. Nf3 b6 4. g3 Bb4+ 5. Bd2 Be7 6. Bg2 Bb7 7. Nc3 O-O 8. O-O
Na6 9. Rc1 c5 10. d5 exd5 11. Nh4 Nc7 12. Nf5 Re8 13. Bf4 Bf8 14. cxd5 d6 15.
e4 Bc8 16. Ne3 h6 17. g4 b5 18. g5 hxg5 19. Bxg5 Rb8 20. f4 b4 21. Nb1 Be7 22.
Nd2 Rb6 23. Kh1 Ra6 24. Ra1 Bd7 25. Rg1 Nb5 26. Bf1 Rb6 27. Bd3 Nd4 28. Bxf6
Bxf6 29. Qh5 Bb5 30. Bxb5 Rxb5 31. Ng4 Kf8 32. Nc4 Rb7 33. e5 dxe5 34. fxe5
Qxd5+ 35. Rg2 Bxe5 36. Ncxe5 Rxe5 37. Qxe5 Qxe5 38. Nxe5 Rc7 39. b3 a5 40. Rc1
Ne6 41. Rd2 f6 42. Rd6 Ke7 43. Nc4 Ng5 44. Re1+ Kf7 45. Kg2 Kg6 46. h4 Nf7 47.
Rd5 Kh6 48. Red1 Rc8 49. Rd7 Rf8 50. Rc7 Nh8 51. Rdd7 Rg8 52. Rxc5 Ng6 53. Kg3
1-0

[Event "8MCR_4D_1L_1S"]
[Site "?"]
[Date "2008.??.??"]
[Round "?"]
[White "Boukal, Petr"]
[Black "Cvak, Rudolf"]
[Result "1/2-1/2"]
[WhiteElo "2416"]
[BlackElo "2264"]
[PlyCount "110"]
[EventDate "2008.??.??"]
[EventType "corr"]

1. e4 e5 2. Nf3 Nf6 3. Nxe5 d6 4. Nf3 Nxe4 5. d4 d5 6. Bd3 Nc6 7. O-O Be7 8. c4
Nb4 9. Be2 O-O 10. a3 Nc6 11. cxd5 Qxd5 12. Nc3 Nxc3 13. bxc3 Bf5 14. Re1 Rfe8
15. Bf4 Rac8 16. Nd2 Bd6 17. Be3 Na5 18. c4 Qc6 19. Qc1 Be7 20. Qc3 b6 21. Bf3
Qd7 22. Ne4 Bxe4 23. Bxe4 Bf6 24. Qd3 g6 25. Rac1 Rcd8 26. d5 Qa4 27. Bf3 Bb2
28. Rc2 Qxa3 29. Qxa3 Bxa3 30. Rb1 Bd6 31. c5 bxc5 32. Bxc5 Rb8 33. Rxb8 Rxb8
34. g3 Rb7 35. Be3 Nb3 36. Ra2 a5 37. Bd1 Kg7 38. Bxb3 Rxb3 39. Bd4+ f6 40.
Rxa5 Rd3 41. Ra4 h5 42. Kf1 g5 43. Ke2 Rb3 44. Ra2 Kg6 45. Rb2 Ra3 46. Rb5 h4
47. Bc5 Ra2+ 48. Ke1 hxg3 49. hxg3 Kf5 50. Bd4 Kg6 51. Bc5 Kf5 52. Bd4 Rc2 53.
g4+ Kxg4 54. Bxf6 Kf4 55. f3 Rg2 1/2-1/2

[Event "8MCR_4D_1L_1S"]
[Site "?"]
[Date "2008.??.??"]
[Round "?"]
[White "Boukal, Petr"]
[Black "Jirku, Jaroslav"]
[Result "1-0"]
[WhiteElo "2416"]
[BlackElo "2271"]
[PlyCount "121"]
[EventDate "2008.??.??"]
[EventType "corr"]

1. e4 e5 2. Nf3 Nc6 3. Bb5 a6 4. Ba4 Nf6 5. O-O Be7 6. Bxc6 dxc6 7. d3 Nd7 8.
b3 c5 9. Bb2 Bd6 10. Nbd2 b5 11. Qe2 O-O 12. a4 c6 13. Rfe1 Re8 14. Nf1 Nf8 15.
Ne3 Ne6 16. c3 Nf4 17. Qc2 Qf6 18. g3 Ng6 19. Qe2 Be6 20. c4 Reb8 21. Reb1 Bd7
22. Bc3 b4 23. Bb2 Re8 24. h4 Rad8 25. h5 Nf8 26. Re1 Bc7 27. Rad1 h6 28. Kh2
Kh7 29. Rh1 Kh8 30. Rd2 Bc8 31. Kg1 Qe7 32. Kf1 Kg8 33. Ke1 Bb8 34. Kd1 Ne6 35.
Nf5 Qf6 36. N3h4 Bd6 37. Kc2 Bf8 38. f4 Nd4+ 39. Bxd4 cxd4 40. Qf3 Kh7 41. Rg2
Bd7 42. Rhg1 Be7 43. g4 exf4 44. Qxf4 Qg5 45. Qc7 Bxf5 46. Nxf5 c5 47. Rf1 Kg8
48. Nxe7+ Qxe7 49. Qxe7 Rxe7 50. g5 Re6 51. Rf5 Rc8 52. Kd2 Rc7 53. Ke2 Rec6
54. Kf3 Kh7 55. Kf4 a5 56. Rd5 hxg5+ 57. Rgxg5 Kh6 58. Rd8 Rc8 59. Rxc8 Rxc8
60. Rd5 f6 61. Rf5 1-0

[Event "8MCR_4D_1L_1S"]
[Site "?"]
[Date "2008.??.??"]
[Round "?"]
[White "Boukal, Petr"]
[Black "Kubecek, Jan"]
[Result "1-0"]
[WhiteElo "2416"]
[BlackElo "1985"]
[PlyCount "27"]
[EventDate "2008.??.??"]
[EventType "corr"]

1. e4 c5 2. Nf3 d6 3. c3 Nf6 4. Be2 Bg4 5. O-O Nc6 6. d4 d5 7. exd5 Qxd5 8. h3
Bh5 9. dxc5 Qxc5 10. Be3 Qa5 11. b4 Qc7 12. Na3 e6 13. Nb5 Qb8 14. Nfd4 1-0

[Event "8MCR_4D_1L_1S"]
[Site "?"]
[Date "2008.??.??"]
[Round "?"]
[White "Boukal, Petr"]
[Black "Kuchta, Jiri"]
[Result "1/2-1/2"]
[WhiteElo "2416"]
[BlackElo "2185"]
[PlyCount "72"]
[EventDate "2008.??.??"]
[EventType "corr"]

1. e4 d5 2. exd5 Qxd5 3. Nf3 Bg4 4. Be2 Nf6 5. d4 e6 6. c4 Qd8 7. Qb3 Qc8 8. h3
Bf5 9. Nc3 Nbd7 10. Nh4 Be4 11. Nxe4 Nxe4 12. O-O Be7 13. Nf3 O-O 14. Bd3 Nef6
15. Re1 Re8 16. Qc3 c5 17. dxc5 Nxc5 18. Bc2 Ncd7 19. Bf4 Qc6 20. Rac1 Bd6 21.
Nd4 Qa6 22. Bxd6 Qxd6 23. Rcd1 Qb8 24. Qa5 Rc8 25. Qb4 a6 26. a4 Qc7 27. Qc3
Qxc4 28. Qa3 Qc7 29. Bb3 Re8 30. Rxe6 Rxe6 31. Nxe6 fxe6 32. Bxe6+ Kh8 33. Bxd7
Nxd7 34. Qe7 Rd8 35. a5 h6 36. b4 Kg8 1/2-1/2

[Event "8MCR_4D_1L_1S"]
[Site "?"]
[Date "2008.??.??"]
[Round "?"]
[White "Boukal, Petr"]
[Black "Mateka, Petr"]
[Result "1/2-1/2"]
[WhiteElo "2416"]
[BlackElo "2330"]
[PlyCount "86"]
[EventDate "2008.??.??"]
[EventType "corr"]

1. e4 e5 2. Nf3 Nc6 3. Bb5 a6 4. Ba4 Nf6 5. O-O Be7 6. Bxc6 dxc6 7. d3 Qd6 8.
b3 Bg4 9. Bb2 Nd7 10. Nbd2 b5 11. h3 Bh5 12. Qe1 O-O 13. Qe3 Rfe8 14. a4 Qf6
15. Rfe1 Bb4 16. c3 Ba5 17. axb5 Bb6 18. d4 cxb5 19. c4 Bxf3 20. Nxf3 bxc4 21.
bxc4 exd4 22. Bxd4 Bxd4 23. Nxd4 a5 24. f4 a4 25. e5 Qa6 26. Kh2 Nf8 27. Qe4
Qxc4 28. Rec1 Qb4 29. Rab1 Qe7 30. Rb7 Rec8 31. Nb5 Ne6 32. Nxc7 Qd8 33. Nxe6
fxe6 34. Rc6 Qd5 35. Qxd5 exd5 36. Re6 Rcb8 37. Rc7 Rc8 38. Rxc8+ Rxc8 39. Ra6
Rc4 40. f5 h5 41. e6 Kf8 42. Kg3 Ke7 43. Ra5 g6 1/2-1/2

[Event "8MCR_4D_1L_1S"]
[Site "?"]
[Date "2008.??.??"]
[Round "?"]
[White "Boukal, Petr"]
[Black "Nedoma, Petr"]
[Result "1/2-1/2"]
[WhiteElo "2416"]
[BlackElo "2323"]
[PlyCount "73"]
[EventDate "2008.??.??"]
[EventType "corr"]

1. e4 e5 2. Nf3 d6 3. Bc4 Be7 4. d4 exd4 5. Nxd4 Nf6 6. Nc3 O-O 7. O-O a6 8. a4
Nxe4 9. Nxe4 d5 10. Bd3 dxe4 11. Bxe4 Nd7 12. Re1 Nf6 13. Bf3 c5 14. Nb3 Bd6
15. Bd2 Rb8 16. g3 Be6 17. Bc3 Qd7 18. Na5 b6 19. Nb7 Rxb7 20. Bxb7 Qxb7 21.
Rxe6 fxe6 22. Qxd6 Ne4 23. Qxe6+ Kh8 24. f4 Nxc3 25. bxc3 Qf3 26. Qe7 Rg8 27.
Qe5 Qc6 28. Qe2 c4 29. Qg2 Qc5+ 30. Qf2 Qa5 31. Rb1 Qxc3 32. Rxb6 Rd8 33. Kg2
Qa5 34. Rc6 Qxa4 35. Rc5 Qd7 36. Qe2 h6 37. Rxc4 1/2-1/2

[Event "8MCR_4D_1L_1S"]
[Site "?"]
[Date "2008.??.??"]
[Round "?"]
[White "Boukal, Petr"]
[Black "Nyvlt, Zdenek"]
[Result "1/2-1/2"]
[WhiteElo "2416"]
[BlackElo "2312"]
[PlyCount "69"]
[EventDate "2008.??.??"]
[EventType "corr"]

1. e4 c5 2. Nf3 Nc6 3. Bb5 g6 4. Bxc6 dxc6 5. d3 Bg7 6. h3 b6 7. O-O Nh6 8. Nc3
O-O 9. Qe2 f6 10. Bxh6 Bxh6 11. e5 f5 12. Rfd1 Ba6 13. a4 e6 14. h4 Rf7 15. b3
Rd7 16. g3 Rb8 17. Nd2 Qc8 18. Nc4 Qc7 19. f4 Bb7 20. Qh2 Bf8 21. h5 Qd8 22. g4
Rg7 23. Kf1 g5 24. gxf5 exf5 25. fxg5 Rxg5 26. Ke2 Qd4 27. Rg1 Bh6 28. Raf1 Bc8
29. e6 Rb7 30. Rxg5+ Bxg5 31. Qg2 Rg7 32. Rxf5 h6 33. Qxc6 Bb7 34. Qe8+ Kh7 35.
Ne4 1/2-1/2

[Event "8MCR_4D_1L_1S"]
[Site "?"]
[Date "2008.??.??"]
[Round "?"]
[White "Brichacek, Milan"]
[Black "Antosik, Alois"]
[Result "0-1"]
[WhiteElo "2215"]
[BlackElo "2200"]
[PlyCount "100"]
[EventDate "2008.??.??"]
[EventType "corr"]

1. e4 c5 2. Nf3 g6 3. d4 Bg7 4. d5 d6 5. Nc3 Nf6 6. h3 O-O 7. Bd3 Na6 8. O-O
Nc7 9. a4 b6 10. Re1 Rb8 11. Bc4 Nd7 12. Qe2 a6 13. Bf4 b5 14. axb5 Bxc3 15.
bxc3 axb5 16. Bb3 c4 17. Ba2 Ra8 18. Nd4 Nc5 19. Qf3 Bb7 20. Bh6 Re8 21. Qe3
Ra4 22. Reb1 Qd7 23. f3 Rea8 24. Rb2 Ra3 25. Ne2 b4 26. Qd4 f6 27. Rab1 Nb5 28.
Qxc4 Nxc3 29. Nxc3 bxc3 30. Rxb7 Nxb7 31. Bb3 Qc8 32. Be3 Na5 33. Qb4 Nxb3 34.
Rxb3 Rxb3 35. Qxb3 Kf7 36. Kh2 Rb8 37. Qa4 Rb2 38. h4 Qe8 39. Qc4 Rxc2 40. Qb3
Re2 41. Qxc3 Qa4 42. Qc8 Rxe3 43. Qh8 Qa1 44. Qxh7+ Ke8 45. Qxg6+ Kd7 46. Qg4+
Kc7 47. Qg7 Qe5+ 48. Qg3 Re1 49. Qxe5 dxe5 50. g4 Kd6 0-1

[Event "8MCR_4D_1L_1S"]
[Site "?"]
[Date "2008.??.??"]
[Round "?"]
[White "Brichacek, Milan"]
[Black "Boukal, Petr"]
[Result "1/2-1/2"]
[WhiteElo "2215"]
[BlackElo "2416"]
[PlyCount "72"]
[EventDate "2008.??.??"]
[EventType "corr"]

1. e4 e6 2. d4 d5 3. Nd2 c5 4. Ngf3 cxd4 5. exd5 Qxd5 6. Bc4 Qd6 7. Qe2 Nf6 8.
O-O Nc6 9. Bb5 Be7 10. Rd1 O-O 11. Nb3 Qc7 12. Nbxd4 Rd8 13. Bxc6 bxc6 14. Bg5
h6 15. Bh4 Qb6 16. Nb3 a5 17. Ne5 a4 18. Nd2 Ba6 19. c4 Rab8 20. b3 axb3 21.
Nxb3 c5 22. Rac1 Bb7 23. Bxf6 Bxf6 24. Nd7 Rxd7 25. Rxd7 Qc6 26. Rxb7 Qxb7 27.
Nxc5 Qb2 28. Qxb2 Rxb2 29. Ne4 Be5 30. a4 Ra2 31. g3 Kf8 32. Nc3 Bxc3 33. Rxc3
Rxa4 34. Kg2 Ke7 35. h4 Kd6 36. Rd3+ Kc7 1/2-1/2

[Event "8MCR_4D_1L_1S"]
[Site "?"]
[Date "2008.??.??"]
[Round "?"]
[White "Brichacek, Milan"]
[Black "Hybl, Vladislav"]
[Result "0-1"]
[WhiteElo "2215"]
[BlackElo "2315"]
[PlyCount "72"]
[EventDate "2008.??.??"]
[EventType "corr"]

1. e4 c5 2. f4 d6 3. Nc3 Nc6 4. Nf3 g6 5. Bb5 Bd7 6. O-O Bg7 7. d3 a6 8. Bxc6
Bxc6 9. Qe1 b5 10. Bd2 Qd7 11. a3 f5 12. exf5 gxf5 13. Qe2 Nh6 14. Rae1 Bf6 15.
Nd1 O-O-O 16. c4 Rhg8 17. Bc3 e5 18. b4 Rg6 19. bxc5 Rdg8 20. Rf2 Ng4 21. Rff1
exf4 22. cxb5 axb5 23. Bxf6 Nxf6 24. cxd6 Rxg2+ 25. Qxg2 Rxg2+ 26. Kxg2 Qg7+
27. Kf2 Qg4 28. d7+ Kd8 29. Re8+ Nxe8 30. dxe8=Q+ Kxe8 31. Ne5 Qh4+ 32. Ke2 Qe7
33. d4 f3+ 34. Kd2 Qxa3 35. Nd3 Be4 36. N1f2 Bxd3 0-1

[Event "8MCR_4D_1L_1S"]
[Site "?"]
[Date "2008.??.??"]
[Round "?"]
[White "Brichacek, Milan"]
[Black "Jandovsky, Viktor"]
[Result "1/2-1/2"]
[WhiteElo "2215"]
[BlackElo "2280"]
[PlyCount "128"]
[EventDate "2008.??.??"]
[EventType "corr"]

1. e4 e6 2. d4 d5 3. Nd2 Nf6 4. e5 Nfd7 5. c3 c5 6. Bd3 Nc6 7. Ngf3 Qb6 8. O-O
cxd4 9. cxd4 Nxd4 10. Nxd4 Qxd4 11. Nf3 Qb6 12. a3 Nc5 13. Bc2 a5 14. Ng5 Qc7
15. Bf4 Be7 16. Qg4 h5 17. Qg3 h4 18. Qg4 Bd7 19. Rac1 Qb6 20. Nh7 g6 21. Ng5
Bxg5 22. Bxg5 Qxb2 23. Bf6 Rf8 24. Bxg6 Qxa3 25. Ra1 Qb2 26. Bh7 Bc6 27. Bg7
Nd7 28. Rfb1 Qc3 29. Rc1 Qb2 30. Qxh4 a4 31. Qf4 a3 32. Rab1 Qe2 33. Qb4 Qa6
34. Ra1 Qa4 35. Qd6 a2 36. h4 Qd4 37. h5 Qb2 38. h6 Ra4 39. Bc2 Rf4 40. g3 Rf3
41. Kg2 d4 42. h7 Qc3 43. Be4 Rxf2+ 44. Kh3 Qd2 45. Rxc6 Rh2+ 46. Kg4 Nxe5+ 47.
Qxe5 Qe2+ 48. Bf3 Qxe5 49. Bxe5 bxc6 50. Bxc6+ Ke7 51. Bxd4 Kd6 52. Bf3 f6 53.
Rd1 Rxh7 54. Bxf6+ Kc5 55. Be5 Rhf7 56. Rc1+ Kb4 57. Be2 Rg8+ 58. Kh3 Rg5 59.
Bc3+ Ka3 60. Ba1 Rb7 61. Rc3+ Rb3 62. Rxb3+ Kxb3 63. Bg4 Kc2 64. Bxe6 Kb1
1/2-1/2

[Event "8MCR_4D_1L_1S"]
[Site "?"]
[Date "2008.??.??"]
[Round "?"]
[White "Brichacek, Milan"]
[Black "Kubecek, Jan"]
[Result "1-0"]
[WhiteElo "2215"]
[BlackElo "1985"]
[PlyCount "107"]
[EventDate "2008.??.??"]
[EventType "corr"]

1. e4 c5 2. Nf3 e6 3. d4 cxd4 4. Nxd4 Nc6 5. Nc3 Qc7 6. Be3 a6 7. Qd2 Nf6 8.
O-O-O Bb4 9. f3 Ne7 10. Nde2 d5 11. Bg5 dxe4 12. Bxf6 gxf6 13. Qd4 exf3 14.
Qxb4 fxe2 15. Bxe2 f5 16. Bf3 Bd7 17. Qxb7 Qxb7 18. Bxb7 Ra7 19. Bf3 Bc6 20.
Rd4 Rd7 21. Bxc6 Nxc6 22. Ra4 Ra7 23. Re1 Rg8 24. g3 Rg4 25. Rxg4 fxg4 26. Nd5
h5 27. c3 a5 28. Kc2 Kd7 29. Nf6+ Ke7 30. Nxh5 Ra8 31. Nf4 Rh8 32. Re2 Kd6 33.
Rd2+ Kc7 34. Nd3 f5 35. Nc5 e5 36. Kb3 Re8 37. Rd7+ Kc8 38. Rf7 e4 39. Rxf5 e3
40. Nd3 e2 41. Ne1 Ne5 42. h4 Nf3 43. Nc2 Re4 44. a3 e1=Q 45. Nxe1 a4+ 46. Ka2
Rxe1 47. h5 Rh1 48. Ra5 Kd7 49. Rxa4 Ne5 50. Re4 Rxh5 51. a4 Rg5 52. b4 Nf7 53.
Rd4+ Kc7 54. b5 {KONT} 1-0